000 00268nam a22001217a 4500
008 260219b ||||| |||| 00| 0 eng d
041 _aShqip
080 _a2.1
100 _a20.1
101 _aRomane
245 _aGruja e Vetmisë
_cIbrahim Berisha
942 _2lcc
_cBK
999 _c60827
_d60827